[Event "Eschborn op"]
[Site "Eschborn"]
[Date "2016.09.04"]
[Round "4"]
[White "Rechel, Ralf"]
[Black "Schmieder, Stefan"]
[Result "1-0"]
[WhiteElo "2080"]
[BlackElo "1659"]
[PlyCount "39"]
[EventDate "2016.09.02"]
[EventType "swiss"]
[EventRounds "5"]
[EventCountry "GER"]
[SourceTitle "EXT 2018"]
[Source "ChessBase"]
[SourceDate "2017.10.13"]
[SourceVersion "1"]
[SourceVersionDate "2017.10.13"]
[SourceQuality "1"]

1. e4 c5 2. c3 Nf6 3. e5 Nd5 4. d4 cxd4 5. Nf3 e6 6. cxd4 d6 7. a3 Bd7 8. Bd3 Bc6 9. 0-0 Nd7 10. Qe2 Be7 11. Bd2 Rc8 12. Nc3 Nxc3 13. Bxc3 0-0 14. Rac1 dxe5 15. dxe5 Nc5 16. Bb1 Na4 17. Rfd1 Nxc3 18. Rxc3 Qa5 19. Nd4 Bd5 20. Qc2 1-0

[Event "Eschborn op"]
[Site "Eschborn"]
[Date "2016.09.04"]
[Round "5"]
[White "Rutsatz, Mario"]
[Black "Rechel, Ralf"]
[Result "0-1"]
[WhiteElo "1891"]
[BlackElo "2080"]
[PlyCount "42"]
[EventDate "2016.09.02"]
[EventType "swiss"]
[EventRounds "5"]
[EventCountry "GER"]
[SourceTitle "EXT 2018"]
[Source "ChessBase"]
[SourceDate "2017.10.13"]
[SourceVersion "1"]
[SourceVersionDate "2017.10.13"]
[SourceQuality "1"]

1. d4 f5 2. g3 Nf6 3. Bg2 g6 4. c4 Bg7 5. Nc3 0-0 6. Nf3 d6 7. 0-0 Qe8 8. d5 a5 9. Qc2 Na6 10. Rb1 Nc5 11. b3 Bd7 12. Bb2 h6 13. Rfd1 g5 14. Nd4 Ng4 15. Ncb5 Qc8 16. Nf3 Nf6 17. Nfd4 c6 18. Nc3 Ng4 19. Nf3 f4 20. Qd2 Nxf2 21. Kxf2 Bxc3 0-1

[Event "Hessenliga 1011"]
[Site "Germany"]
[Date "2011.01.23"]
[Round "5.7"]
[White "Heim, Frank"]
[Black "Rechel, Ralf"]
[Result "1/2-1/2"]
[WhiteElo "2059"]
[BlackElo "2183"]
[PlyCount "56"]
[EventDate "2010.09.26"]
[EventType "team-tourn"]
[EventRounds "9"]
[EventCountry "GER"]
[SourceTitle "EXT 2012"]
[Source "ChessBase"]
[SourceDate "2011.11.24"]
[SourceVersion "1"]
[SourceVersionDate "2011.11.24"]
[SourceQuality "1"]
[WhiteTeam "Dotzheim"]
[BlackTeam "Hofheim II"]
[WhiteTeamCountry "GER"]
[BlackTeamCountry "GER"]

1. d4 f5 2. Nf3 Nf6 3. Bg5 Ne4 4. h4 d5 5. e3 Nd7 6. Nbd2 Ndf6 7. Be2 e6 8. c3 Be7 9. Nxe4 fxe4 10. Ne5 0-0 11. f4 Bd7 12. g4 c5 13. h5 Rc8 14. 0-0 Be8 15. Qe1 Qb6 16. Rb1 cxd4 17. exd4 Bd6 18. Qg3 Bb5 19. Rf2 Bxe2 20. Rxe2 Rc7 21. Rf1 Qa6 22. Rg2 Qxa2 23. f5 exf5 24. Bxf6 Rxf6 25. gxf5 Qa6 26. Qh4 Be7 27. Qg3 Bd6 28. Qh4 Be7 1/2-1/2

[Event "Hessenliga 1011"]
[Site "Germany"]
[Date "2010.12.12"]
[Round "4.5"]
[White "Rechel, Ralf"]
[Black "Holzschuh, Gerald"]
[Result "1/2-1/2"]
[WhiteElo "2183"]
[BlackElo "2139"]
[PlyCount "24"]
[EventDate "2010.09.26"]
[EventType "team-tourn"]
[EventRounds "9"]
[EventCountry "GER"]
[SourceTitle "EXT 2012"]
[Source "ChessBase"]
[SourceDate "2011.11.24"]
[SourceVersion "1"]
[SourceVersionDate "2011.11.24"]
[SourceQuality "1"]
[WhiteTeam "Hofheim II"]
[BlackTeam "Bad Nauheim"]
[WhiteTeamCountry "GER"]
[BlackTeamCountry "GER"]

1. e4 d6 2. d4 Nf6 3. Nc3 g6 4. Nf3 Bg7 5. Be2 c6 6. 0-0 b5 7. e5 dxe5 8. dxe5 Qxd1 9. Rxd1 Ng4 10. Bf4 Nd7 11. e6 fxe6 12. Ng5 Nde5 1/2-1/2

[Event "Hessenliga 1011"]
[Site "Germany"]
[Date "2010.09.26"]
[Round "1.7"]
[White "Prange, Dieter"]
[Black "Rechel, Ralf"]
[Result "1-0"]
[WhiteElo "2148"]
[BlackElo "2183"]
[PlyCount "79"]
[EventDate "2010.09.26"]
[EventType "team-tourn"]
[EventRounds "9"]
[EventCountry "GER"]
[SourceTitle "EXT 2012"]
[Source "ChessBase"]
[SourceDate "2011.11.24"]
[SourceVersion "1"]
[SourceVersionDate "2011.11.24"]
[SourceQuality "1"]
[WhiteTeam "Marburg"]
[BlackTeam "Hofheim II"]
[WhiteTeamCountry "GER"]
[BlackTeamCountry "GER"]

1. e4 e6 2. d4 d5 3. Nc3 Bb4 4. e5 c5 5. a3 Bxc3+ 6. bxc3 Ne7 7. Nf3 Qa5 8. Bd2 Bd7 9. Be2 Nbc6 10. 0-0 0-0 11. Re1 Qc7 12. Bd3 f6 13. exf6 Rxf6 14. Bg5 Rf7 15. Bxe7 Rxe7 16. Ng5 h6 17. Nf3 e5 18. Bb5 cxd4 19. cxd4 e4 20. Bxc6 Bxc6 21. Ne5 Ba4 22. Rc1 Rc8 23. Qg4 Qc3 24. Re3 Qd2 25. Qxc8+ Re8 26. Qc3 Qxc1+ 27. Re1 Qxc2 28. Qa5 Bb3 29. Qb4 b6 30. h3 Rc8 31. Qe7 Rf8 32. Qe6+ Kh7 33. Qg6+ Kg8 34. Ng4 Qd2 35. Re3 Qxd4 36. Nxh6+ Kh8 37. Nf7+ Kg8 38. Ng5 Qd1+ 39. Kh2 Rxf2 40. Qe6+ 1-0

[Event "Hessenliga 0910"]
[Site "Germany"]
[Date "2010.03.14"]
[Round "8.5"]
[White "Kraft, Wolfgang"]
[Black "Rechel, Ralf"]
[Result "1/2-1/2"]
[WhiteElo "2134"]
[BlackElo "2177"]
[PlyCount "100"]
[EventDate "2009.09.20"]
[EventType "team-tourn"]
[EventRounds "9"]
[EventCountry "GER"]
[SourceTitle "EXT 2011"]
[Source "ChessBase"]
[SourceDate "2010.11.26"]
[SourceVersion "1"]
[SourceVersionDate "2010.11.26"]
[SourceQuality "1"]
[WhiteTeam "Dettingen"]
[BlackTeam "Hofheim II"]
[WhiteTeamCountry "GER"]
[BlackTeamCountry "GER"]

1. e4 e6 2. d4 d5 3. Nc3 Bb4 4. a3 Bxc3+ 5. bxc3 dxe4 6. Qg4 Nf6 7. Qxg7 Rg8 8. Qh6 Nbd7 9. Bb2 c5 10. 0-0-0 Qa5 11. f3 cxd4 12. cxd4 b6 13. Qf4 Bb7 14. Qc7 Bd5 15. Qd6 Rc8 16. Kb1 exf3 17. gxf3 Ne4 18. fxe4 Bxe4 19. Rc1 Bxh1 20. Bd3 Nf6 21. a4 Qxa4 22. Ba3 Qd7 23. Qe5 Nd5 24. Ne2 Bf3 25. c4 f6 26. Qd6 Qxd6 27. Bxd6 Ne7 28. Nf4 Kd7 29. Ba3 e5 30. Rf1 e4 31. Bc2 Rxc4 32. Bb3 Rc3 33. Be6+ Ke8 34. Bxe7 Rg5 35. Kb2 Rc6 36. d5 Rxe6 37. Nxe6 Rg2+ 38. Kc3 Kxe7 39. Ra1 a5 40. Rb1 Rxh2 41. Rxb6 e3 42. Nf4 Rh4 43. Re6+ Kf7 44. d6 Bc6 45. Re7+ Kg8 46. Nd5 Rh1 47. Nxf6+ Kf8 48. Nxh7+ Kg8 49. Nf6+ Kf8 50. Rxe3 Rd1 1/2-1/2

[Event "Hessenliga 0910"]
[Site "Germany"]
[Date "2009.10.04"]
[Round "2.6"]
[White "Foermes, Alexander"]
[Black "Rechel, Ralf"]
[Result "1/2-1/2"]
[WhiteElo "2101"]
[BlackElo "2177"]
[PlyCount "39"]
[EventDate "2009.09.20"]
[EventType "team-tourn"]
[EventRounds "9"]
[EventCountry "GER"]
[SourceTitle "EXT 2011"]
[Source "ChessBase"]
[SourceDate "2010.11.26"]
[SourceVersion "1"]
[SourceVersionDate "2010.11.26"]
[SourceQuality "1"]
[WhiteTeam "Marburg"]
[BlackTeam "Hofheim II"]
[WhiteTeamCountry "GER"]
[BlackTeamCountry "GER"]

1. Nf3 f5 2. c4 Nf6 3. g3 g6 4. Bg2 Bg7 5. 0-0 0-0 6. d4 d6 7. Nc3 Qe8 8. d5 a5 9. Rb1 Na6 10. a3 Bd7 11. b4 axb4 12. axb4 c6 13. Be3 Rc8 14. c5 dxc5 15. bxc5 cxd5 16. Nxd5 Nxd5 17. Qxd5+ e6 18. Qd6 Rc6 19. Qd2 Rc7 20. Qd6 1/2-1/2

[Event "Oberliga Ost-B 0809"]
[Site "Germany"]
[Date "2009.03.28"]
[Round "10.6"]
[White "Rechel, Ralf"]
[Black "Zschiedrich, Heiko"]
[Result "1/2-1/2"]
[WhiteElo "2221"]
[BlackElo "2127"]
[PlyCount "71"]
[EventDate "2008.10.26"]
[EventType "team-tourn"]
[EventRounds "11"]
[EventCountry "GER"]
[SourceTitle "EXT 2010"]
[Source "ChessBase"]
[SourceDate "2010.11.25"]
[SourceVersion "1"]
[SourceVersionDate "2010.11.25"]
[SourceQuality "1"]
[WhiteTeam "Hofheim II"]
[BlackTeam "Erfurt Empor"]
[WhiteTeamCountry "GER"]
[BlackTeamCountry "GER"]

1. e4 e6 2. d4 d5 3. Nc3 Nf6 4. e5 Nfd7 5. Nce2 c5 6. c3 Nc6 7. f4 b5 8. Nf3 g6 9. g4 cxd4 10. cxd4 Be7 11. h4 h5 12. g5 b4 13. Bg2 Ba6 14. Ng3 Rc8 15. b3 Qb6 16. Be3 Bb5 17. Kf2 a5 18. Rc1 Ba6 19. Ng1 Qb5 20. Nh3 Bd8 21. Qd2 Ne7 22. Rxc8 Bxc8 23. Rc1 Bb7 24. Kg1 Qb6 25. Nf2 Ba6 26. Qc2 Qb7 27. Nd3 Bxd3 28. Qxd3 Kf8 29. Bf3 Kg7 30. Kh2 Bb6 31. Qb5 Rc8 32. Rxc8 Qxc8 33. Qd3 Qb8 34. Qb5 Qc8 35. Qd3 Qb8 36. Qb5 1/2-1/2

[Event "Oberliga Ost-B 0809"]
[Site "Germany"]
[Date "2009.03.01"]
[Round "8.4"]
[White "Wahedi, Ahmad Siar"]
[Black "Rechel, Ralf"]
[Result "1-0"]
[WhiteElo "2272"]
[BlackElo "2221"]
[PlyCount "79"]
[EventDate "2008.10.26"]
[EventType "team-tourn"]
[EventRounds "11"]
[EventCountry "GER"]
[SourceTitle "EXT 2010"]
[Source "ChessBase"]
[SourceDate "2010.11.25"]
[SourceVersion "1"]
[SourceVersionDate "2010.11.25"]
[SourceQuality "1"]
[WhiteTeam "Steinbach"]
[BlackTeam "Hofheim II"]
[WhiteTeamCountry "GER"]
[BlackTeamCountry "GER"]

1. e4 e6 2. d4 d5 3. Nc3 Bb4 4. e5 c5 5. a3 Bxc3+ 6. bxc3 Ne7 7. Qg4 0-0 8. Bd3 Nbc6 9. Qh5 Ng6 10. Nf3 Qc7 11. Be3 c4 12. Bxg6 fxg6 13. Qh3 h6 14. g4 Qf7 15. Ng1 g5 16. Qg2 Bd7 17. h4 gxh4 18. Rxh4 Ne7 19. Rh3 Ba4 20. Kd2 Qg6 21. Ra2 Rf7 22. Rg3 Raf8 23. Rb2 b6 24. Ne2 Qh7 25. Rh3 Qg6 26. Rh2 b5 27. g5 hxg5 28. Qh1 Rf5 29. Ng3 Rf4 30. Rh8+ Kf7 31. Rxf8+ Kxf8 32. Bxf4 gxf4 33. Qf3 Qh6 34. Rb1 g5 35. Qh5 Qxh5 36. Nxh5 Nf5 37. Nf6 Nh4 38. Nh7+ Ke7 39. Nxg5 Ng6 40. Rh1 1-0

[Event "Oberliga Ost-B 0809"]
[Site "Germany"]
[Date "2009.02.01"]
[Round "7.5"]
[White "Rechel, Ralf"]
[Black "Roosen, Holger"]
[Result "1-0"]
[WhiteElo "2221"]
[BlackElo "2212"]
[PlyCount "69"]
[EventDate "2008.10.26"]
[EventType "team-tourn"]
[EventRounds "11"]
[EventCountry "GER"]
[SourceTitle "EXT 2010"]
[Source "ChessBase"]
[SourceDate "2010.11.25"]
[SourceVersion "1"]
[SourceVersionDate "2010.11.25"]
[SourceQuality "1"]
[WhiteTeam "Hofheim II"]
[BlackTeam "Offenbach"]
[WhiteTeamCountry "GER"]
[BlackTeamCountry "GER"]

1. e4 g6 2. d4 Bg7 3. Nc3 c5 4. d5 d6 5. f4 Nf6 6. Nf3 0-0 7. Be2 Bg4 8. 0-0 Nbd7 9. Be3 a6 10. a4 Rb8 11. Nd2 Bxe2 12. Qxe2 Ne8 13. a5 Nc7 14. Nc4 b5 15. axb6 Nxb6 16. Na5 Qd7 17. f5 Kh8 18. Rf3 Ra8 19. Rh3 Bf6 20. Qg4 Ne8 21. Rf1 Ng7 22. Bg5 h5 23. Bxf6 exf6 24. Rff3 Kg8 25. Qf4 g5 26. Qd2 Kh7 27. e5 fxe5 28. Qxg5 f6 29. Rxh5+ Kg8 30. Qg6 Qe8 31. Qh7+ Kf7 32. Rg3 Rg8 33. Ne4 Qa4 34. Qg6+ Ke7 35. Qxf6+ 1-0

[Event "Oberliga Ost-B 0809"]
[Site "Germany"]
[Date "2009.01.31"]
[Round "6.6"]
[White "Rechel, Ralf"]
[Black "Arbinger, Roland"]
[Result "1/2-1/2"]
[WhiteElo "2221"]
[BlackElo "2124"]
[PlyCount "42"]
[EventDate "2008.10.26"]
[EventType "team-tourn"]
[EventRounds "11"]
[EventCountry "GER"]
[SourceTitle "EXT 2010"]
[Source "ChessBase"]
[SourceDate "2010.11.25"]
[SourceVersion "1"]
[SourceVersionDate "2010.11.25"]
[SourceQuality "1"]
[WhiteTeam "Hofheim II"]
[BlackTeam "Giessen"]
[WhiteTeamCountry "GER"]
[BlackTeamCountry "GER"]

1. e4 d5 2. exd5 Qxd5 3. Nc3 Qd6 4. d4 Nf6 5. Nf3 Bg4 6. Be2 e6 7. Bg5 Be7 8. h3 Bxf3 9. Bxf3 c6 10. Qd2 Nbd7 11. Bf4 Qb4 12. a3 Qb6 13. 0-0 0-0 14. Rfe1 Rfd8 15. Qe3 Nf8 16. Rad1 Nd5 17. Nxd5 cxd5 18. c3 Rac8 19. Rd2 Ng6 20. Bg5 Qd6 21. Bxe7 Qxe7 1/2-1/2

[Event "Oberliga Ost-B 0708"]
[Site "Germany"]
[Date "2008.04.19"]
[Round "10.7"]
[White "Wendling, Hannes"]
[Black "Rechel, Ralf"]
[Result "1-0"]
[WhiteElo "2137"]
[BlackElo "2202"]
[PlyCount "55"]
[EventDate "2007.10.07"]
[EventType "team-tourn"]
[EventRounds "11"]
[EventCountry "GER"]
[SourceTitle "EXT 2009"]
[Source "ChessBase"]
[SourceDate "2008.11.26"]
[SourceVersion "1"]
[SourceVersionDate "2008.11.26"]
[SourceQuality "1"]
[WhiteTeam "Erfurt Empor"]
[BlackTeam "Hofheim II"]
[WhiteTeamCountry "GER"]
[BlackTeamCountry "GER"]

1. e4 e6 2. d4 d5 3. Nc3 Bb4 4. e5 c5 5. a3 Bxc3+ 6. bxc3 Ne7 7. Qg4 0-0 8. Bd3 Nbc6 9. Qh5 Ng6 10. Nf3 c4 11. Bxg6 fxg6 12. Qg4 Qa5 13. Bd2 Bd7 14. h4 Rf5 15. Ng5 Raf8 16. h5 gxh5 17. Rxh5 h6 18. Nh3 Rxh5 19. Qxh5 Rf5 20. Qg4 Be8 21. Nf4 Bf7 22. Qh3 h5 23. Ke2 Qb5 24. Rh1 Qb2 25. g4 Rg5 26. Nxh5 Qxc2 27. Nf6+ Kf8 28. Nh7+ 1-0

[Event "Oberliga Ost-B 0708"]
[Site "Germany"]
[Date "2008.04.06"]
[Round "9.5"]
[White "Rechel, Ralf"]
[Black "Oparaugo, Thomas"]
[Result "1-0"]
[WhiteElo "2202"]
[BlackElo "2121"]
[PlyCount "51"]
[EventDate "2007.10.07"]
[EventType "team-tourn"]
[EventRounds "11"]
[EventCountry "GER"]
[SourceTitle "EXT 2009"]
[Source "ChessBase"]
[SourceDate "2008.11.26"]
[SourceVersion "1"]
[SourceVersionDate "2008.11.26"]
[SourceQuality "1"]
[WhiteTeam "Hofheim II"]
[BlackTeam "Oberursel"]
[WhiteTeamCountry "GER"]
[BlackTeamCountry "GER"]

1. e4 e5 2. f4 exf4 3. Nf3 h6 4. d4 g5 5. Nc3 Bg7 6. g3 fxg3 7. hxg3 d6 8. Bc4 g4 9. Nh4 h5 10. Be3 Be6 11. Bxe6 fxe6 12. Ng6 Rh7 13. Nf4 Qd7 14. Nxh5 e5 15. Nxg7+ Rxg7 16. d5 Na6 17. Qe2 Nc5 18. Bxc5 dxc5 19. Rh5 Re7 20. Rg5 Nf6 21. Qf2 Qd6 22. Qf5 a6 23. 0-0-0 Rf7 24. Rf1 Ke7 25. Qxe5+ Kf8 26. Qf5 1-0

[Event "Oberliga Ost-B 0708"]
[Site "Germany"]
[Date "2008.03.09"]
[Round "8.3"]
[White "Domanski, Markus"]
[Black "Rechel, Ralf"]
[Result "0-1"]
[WhiteElo "2097"]
[BlackElo "2202"]
[PlyCount "94"]
[EventDate "2007.10.07"]
[EventType "team-tourn"]
[EventRounds "11"]
[EventCountry "GER"]
[SourceTitle "EXT 2009"]
[Source "ChessBase"]
[SourceDate "2008.11.26"]
[SourceVersion "1"]
[SourceVersionDate "2008.11.26"]
[SourceQuality "1"]
[WhiteTeam "Schoeneck II"]
[BlackTeam "Hofheim II"]
[WhiteTeamCountry "GER"]
[BlackTeamCountry "GER"]

1. d4 f5 2. Nc3 Nf6 3. Bg5 d5 4. f3 Nc6 5. Qd2 Be6 6. 0-0-0 Qd7 7. e4 0-0-0 8. e5 h6 9. Be3 Nh7 10. h4 Bf7 11. Bb5 e6 12. Nge2 Be7 13. h5 a6 14. Ba4 b5 15. Bb3 Na5 16. Kb1 Nc4 17. Qd3 Kb7 18. f4 Qe8 19. g4 fxg4 20. Ng3 g6 21. hxg6 Bxg6 22. Qe2 h5 23. Bxc4 bxc4 24. Qg2 h4 25. f5 exf5 26. Nge2 Ng5 27. Bxg5 Bxg5 28. Rhf1 Qc6 29. Nf4 Bxf4 30. Rxf4 Rh5 31. Rh1 Bf7 32. Ne2 Qh6 33. Rh2 Rg8 34. Qh1 g3 35. Rh3 g2 36. Qg1 Rg4 37. Rf2 Qg5 38. Rh2 h3 39. Rf3 Qh6 40. Qf2 Be6 41. Ng1 Rgh4 42. b3 Qg5 43. Rfxh3 Rxh3 44. Rxh3 Rxh3 45. Nxh3 Qg4 46. Ng1 Qd1+ 47. Kb2 Qf1 0-1

[Event "Oberliga Ost-B 0708"]
[Site "Germany"]
[Date "2008.01.19"]
[Round "6.7"]
[White "Rechel, Ralf"]
[Black "Kettler, Bernhard"]
[Result "0-1"]
[WhiteElo "2202"]
[BlackElo "2249"]
[PlyCount "114"]
[EventDate "2007.10.07"]
[EventType "team-tourn"]
[EventRounds "11"]
[EventCountry "GER"]
[SourceTitle "EXT 2009"]
[Source "ChessBase"]
[SourceDate "2008.11.26"]
[SourceVersion "1"]
[SourceVersionDate "2008.11.26"]
[SourceQuality "1"]
[WhiteTeam "Hofheim II"]
[BlackTeam "Frankfurt BvK"]
[WhiteTeamCountry "GER"]
[BlackTeamCountry "GER"]

1. e4 Nf6 2. e5 Nd5 3. c4 Nb6 4. c5 Nd5 5. Nc3 Nxc3 6. dxc3 d5 7. cxd6 exd6 8. Bc4 Be7 9. Bf4 0-0 10. exd6 Bxd6 11. Bxd6 cxd6 12. Ne2 Bg4 13. f3 Bxf3 14. 0-0 d5 15. Bb3 Be4 16. Nf4 Nc6 17. Nxd5 Na5 18. Nf4 Nxb3 19. Qxb3 Qg5 20. Rae1 Bc6 21. Qc2 Rae8 22. Rxe8 Rxe8 23. Qf2 h6 24. Nh3 Qe3 25. Qxe3 Rxe3 26. Kf2 Re5 27. Rd1 g5 28. Ng1 g4 29. Rd2 Kg7 30. Ne2 Kg6 31. Nd4 Be4 32. Ne2 Bc6 33. Nd4 Be4 34. Ne2 a6 35. Kg3 Kg5 36. h4+ gxh3 37. gxh3 Bd5 38. h4+ Kf6 39. Nd4 Re3+ 40. Kf4 Re4+ 41. Kg3 h5 42. Rf2+ Kg6 43. a3 Rg4+ 44. Kh3 Be4 45. Re2 f5 46. Ne6 Kf6 47. Nc5 Ke5 48. Nxb7 Kf4 49. Nc5 Kf3 50. Rd2 Ke3 51. Nxe4 fxe4 52. Rd5 Kf2 53. Rf5+ Ke2 54. Rxh5 Rg1 55. c4 e3 56. c5 Kf3 57. Rf5+ Ke4 0-1

[Event "Oberliga Ost-B 0607"]
[Site "Germany"]
[Date "2007.04.21"]
[Round "10.4"]
[White "Guenther, Peter"]
[Black "Rechel, Ralf"]
[Result "1-0"]
[WhiteElo "2242"]
[BlackElo "2171"]
[PlyCount "53"]
[EventDate "2006.10.15"]
[EventType "team-tourn"]
[EventRounds "11"]
[EventCountry "GER"]
[SourceTitle "EXT 2008"]
[Source "ChessBase"]
[SourceDate "2007.11.25"]
[SourceVersion "1"]
[SourceVersionDate "2007.11.25"]
[SourceQuality "1"]
[WhiteTeam "Frankfurt BvK"]
[BlackTeam "Hofheim II"]
[WhiteTeamCountry "GER"]
[BlackTeamCountry "GER"]

1. e4 e6 2. d4 d5 3. Nc3 Bb4 4. e5 c5 5. a3 Bxc3+ 6. bxc3 Ne7 7. Qg4 0-0 8. Bd3 Nbc6 9. Nf3 f5 10. exf6 Rxf6 11. Bg5 e5 12. Bxh7+ Kxh7 13. Qh5+ Kg8 14. Bxf6 gxf6 15. dxe5 Qf8 16. c4 dxc4 17. exf6 Qxf6 18. 0-0 Bf5 19. Rfe1 Ng6 20. Ng5 Nf4 21. Qh4 Bxc2 22. Rac1 Bd3 23. g3 Nd5 24. Rxc4 Rf8 25. f3 Ne5 26. Rxc5 Qxf3 27. Qd4 1-0

[Event "Oberliga Ost-B 0607"]
[Site "Germany"]
[Date "2007.03.18"]
[Round "8.5"]
[White "Braeuner, Uwe"]
[Black "Rechel, Ralf"]
[Result "1/2-1/2"]
[WhiteElo "2184"]
[BlackElo "2171"]
[PlyCount "158"]
[EventDate "2006.10.15"]
[EventType "team-tourn"]
[EventRounds "11"]
[EventCountry "GER"]
[SourceTitle "EXT 2008"]
[Source "ChessBase"]
[SourceDate "2007.11.25"]
[SourceVersion "1"]
[SourceVersionDate "2007.11.25"]
[SourceQuality "1"]
[WhiteTeam "Erfurt SK II"]
[BlackTeam "Hofheim II"]
[WhiteTeamCountry "GER"]
[BlackTeamCountry "GER"]

1. c4 f5 2. Nc3 Nf6 3. g3 g6 4. Bg2 Bg7 5. Nh3 0-0 6. 0-0 e5 7. d4 d6 8. dxe5 dxe5 9. Qxd8 Rxd8 10. Bg5 c6 11. Rad1 Rxd1 12. Rxd1 Be6 13. b3 Nbd7 14. Na4 h6 15. Bc1 g5 16. f3 b5 17. cxb5 cxb5 18. Nc3 a6 19. Nf2 Rc8 20. Bb2 Bf8 21. Nd3 Kf7 22. Kf1 Be7 23. Rd2 b4 24. Na4 e4 25. Bxf6 e3 26. Rd1 Kxf6 27. f4 Rc2 28. Nab2 gxf4 29. gxf4 Nb6 30. Rc1 Rxc1+ 31. Nxc1 a5 32. Ncd3 a4 33. bxa4 Bxa2 34. a5 Nc8 35. Ne5 Ke6 36. Bb7 Na7 37. Kg2 Bd5+ 38. Bxd5+ Kxd5 39. Kf3 Bc5 40. Ned3 b3 41. Nxc5 Kxc5 42. Kxe3 Kb4 43. Kd3 Kxa5 44. Kc4 Nb5 45. e3 Nd6+ 46. Kxb3 Kb5 47. Kc3 Kc5 48. Kd3 Kd5 49. Nd1 Ke6 50. Nc3 Nf7 51. Kd4 Nd6 52. h3 Nf7 53. e4 fxe4 54. Kxe4 Nd6+ 55. Kf3 Kf5 56. Ne2 Kf6 57. Ng3 Nf7 58. Kg4 Nd6 59. Kh5 Nf7 60. h4 Kg7 61. Ne4 Kh7 62. Nf6+ Kg7 63. Ng4 Kh7 64. f5 Kg7 65. f6+ Kh7 66. Ne3 Ne5 67. Nd5 Nd7 68. Kg4 Kg6 69. h5+ Kf7 70. Kf5 Nf8 71. Ne3 Ne6 72. Ng4 Nd4+ 73. Ke4 Ne2 74. Ke5 Ng3 75. Nxh6+ Kf8 76. Ke6 Nxh5 77. f7 Ng7+ 78. Kf6 Ne8+ 79. Ke6 Ng7+ 1/2-1/2

[Event "Oberliga Ost-B 0607"]
[Site "Germany"]
[Date "2007.02.04"]
[Round "5.6"]
[White "Rechel, Ralf"]
[Black "Schlamp, Robert"]
[Result "0-1"]
[WhiteElo "2171"]
[BlackElo "2321"]
[PlyCount "88"]
[EventDate "2006.10.15"]
[EventType "team-tourn"]
[EventRounds "11"]
[EventCountry "GER"]
[SourceTitle "EXT 2008"]
[Source "ChessBase"]
[SourceDate "2007.11.25"]
[SourceVersion "1"]
[SourceVersionDate "2007.11.25"]
[SourceQuality "1"]
[WhiteTeam "Hofheim II"]
[BlackTeam "Oberursel"]
[WhiteTeamCountry "GER"]
[BlackTeamCountry "GER"]

1. e4 e5 2. f4 exf4 3. Nf3 g5 4. h4 g4 5. Ne5 d6 6. Nxg4 Nf6 7. Nf2 Rg8 8. d4 Bh6 9. Nc3 Nc6 10. Ne2 Bg4 11. Qd3 Bxe2 12. Bxe2 Rxg2 13. c3 Qe7 14. Bf3 Rg3 15. Bd2 0-0-0 16. 0-0-0 Rdg8 17. Qe2 Kb8 18. Rdf1 Nd8 19. Nd3 Ne6 20. e5 dxe5 21. Nxe5 c6 22. Bxc6 Qc7 23. Qb5 Ka8 24. Bf3 Nxd4 25. Qxb7+ Qxb7 26. Bxb7+ Kxb7 27. cxd4 Rc8+ 28. Kb1 Rg2 29. Bxf4 Rcc2 30. Nd3 Ng4 31. Bxh6 Nxh6 32. Rf6 Rcd2 33. Nc5+ Kc8 34. Na4 Rg6 35. Rxg6 hxg6 36. Rc1+ Kd8 37. Rc4 Nf5 38. h5 gxh5 39. Rc5 Ne3 40. b4 h4 41. Rh5 Rxd4 42. a3 a5 43. Rxa5 Rd1+ 44. Kb2 Nc4+ 0-1

[Event "Hessenliga 0405"]
[Site "Germany"]
[Date "2005.04.10"]
[Round "8.3"]
[White "Rechel, Ralf"]
[Black "Schoebel, Wolfgang"]
[Result "0-1"]
[WhiteElo "2169"]
[BlackElo "2204"]
[PlyCount "54"]
[EventDate "2004.09.26"]
[EventType "team-tourn"]
[EventRounds "9"]
[EventCountry "GER"]
[SourceTitle "EXT 2006"]
[Source "ChessBase"]
[SourceDate "2005.11.24"]
[SourceVersion "1"]
[SourceVersionDate "2005.11.24"]
[SourceQuality "1"]
[WhiteTeam "Hofheim II"]
[BlackTeam "Schoeneck II"]
[WhiteTeamCountry "GER"]
[BlackTeamCountry "GER"]

1. e4 e6 2. d4 d5 3. Nc3 Nf6 4. Bg5 Be7 5. Bxf6 Bxf6 6. e5 Be7 7. Qg4 0-0 8. 0-0-0 c5 9. dxc5 Nc6 10. f4 f6 11. Nf3 Bxc5 12. Bd3 f5 13. Qg3 Bd7 14. Kb1 Qa5 15. Qh3 Be7 16. g4 Nb4 17. Be2 Rac8 18. Nd4 Rxc3 19. Qxc3 Qxa2+ 20. Kc1 fxg4 21. Bxg4 Rxf4 22. Rhg1 Rxd4 23. Bxe6+ Bxe6 24. Qxd4 Nc6 25. Qe3 Qa1+ 26. Kd2 Qxb2 27. Qb3 Bb4+ 0-1

[Event "Hessenliga 0405"]
[Site "Germany"]
[Date "2004.09.26"]
[Round "1.5"]
[White "Rechel, Ralf"]
[Black "Hempel, Manfred"]
[Result "1/2-1/2"]
[WhiteElo "2169"]
[BlackElo "2139"]
[PlyCount "50"]
[EventDate "2004.09.26"]
[EventType "team-tourn"]
[EventRounds "9"]
[EventCountry "GER"]
[SourceTitle "EXT 2006"]
[Source "ChessBase"]
[SourceDate "2005.11.24"]
[SourceVersion "1"]
[SourceVersionDate "2005.11.24"]
[SourceQuality "1"]
[WhiteTeam "Hofheim II"]
[BlackTeam "Bensheim"]
[WhiteTeamCountry "GER"]
[BlackTeamCountry "GER"]

1. e4 c5 2. c3 d5 3. exd5 Qxd5 4. d4 Nc6 5. Nf3 Bg4 6. Be2 e6 7. 0-0 Nf6 8. Be3 cxd4 9. cxd4 Be7 10. Nc3 Qd6 11. h3 Bh5 12. Qb3 0-0 13. a3 Rac8 14. Rfd1 Rfd8 15. Rac1 Nd5 16. Nxd5 Qxd5 17. Qxd5 exd5 18. Rc3 Bd6 19. g4 Bg6 20. Nd2 Ne7 21. Rdc1 f6 22. Bf3 Rxc3 23. Rxc3 Rd7 24. Nb3 b6 25. h4 Rc7 1/2-1/2

[Event "Hessenliga 0203"]
[Site "Germany"]
[Date "2003.03.16"]
[Round "8.3"]
[White "Rechel, Ralf"]
[Black "Klingelhoefer, Stefan"]
[Result "0-1"]
[WhiteElo "2168"]
[BlackElo "2276"]
[PlyCount "90"]
[EventDate "2002.10.??"]
[EventType "team-tourn"]
[EventRounds "9"]
[EventCountry "GER"]
[SourceTitle "EXT 2004"]
[Source "ChessBase"]
[SourceDate "2003.11.25"]
[SourceVersion "1"]
[SourceVersionDate "2003.11.25"]
[SourceQuality "1"]
[WhiteTeam "Hofheim II"]
[BlackTeam "Giessen"]
[WhiteTeamCountry "GER"]
[BlackTeamCountry "GER"]

1. e4 e6 2. d4 d5 3. Nd2 Nf6 4. e5 Nfd7 5. f4 c5 6. c3 Nc6 7. Ndf3 Qb6 8. a3 Be7 9. b4 cxd4 10. cxd4 f6 11. Bd3 0-0 12. b5 Na5 13. Qc2 f5 14. Bd2 a6 15. a4 Nc4 16. bxa6 Qxa6 17. Ne2 b5 18. Nc3 b4 19. Ne2 Ndb6 20. 0-0 Nxa4 21. Rfb1 Qb5 22. Nc3 Nxc3 23. Rxa8 Nxb1 24. Qxb1 Bd7 25. Rxf8+ Bxf8 26. Qb3 Be7 27. h3 Bd8 28. Be1 Be7 29. g4 g6 30. Bf2 Qa6 31. Kg2 Bb5 32. Kh2 Qa3 33. Qb1 Bd7 34. gxf5 exf5 35. Qf1 Nb2 36. Be2 Qc3 37. Qg2 Nc4 38. h4 b3 39. h5 Be8 40. hxg6 Bxg6 41. Nh4 Ne3 42. Bxe3 Bxh4 43. Qxd5+ Kg7 44. Qb7+ Kh6 45. Qa8 Be7 0-1